000 00502nam a22002057a 4500
999 _c3990
_d3990
003 BD-JhCC
005 20171120183027.0
008 171120s19651947bg |||| ||a| 00| 0 ben d
035 _a(BD-JhCC)
040 _aBD-JhCC
_dBD-JhCC
041 _aben
082 _a920
_bLAM 1965
100 _aLamb, G. F.
245 _aSix Good Samaritans
_cG. F. Lamb
260 _aLondon :
_bOxford University Press,
_c1965.
300 _a88 p. :
_c18 cm.
650 _aBiography
942 _2ddc
_cBK